[Event "Copa Latinoamericana de Ajedrez 2011"]
[Site "Montevideo URU"]
[Date "2011.11.05"]
[Round "8.52"]
[White "Martinez Alcantara, Jose Eduardo"]
[Black "Granara Barreto, Sebastian"]
[Result "0-1"]
[WhiteElo "1995"]
[BlackElo "2190"]
[PlyCount "108"]
[EventDate "2011.11.01"]
[EventType "swiss"]
[EventRounds "9"]
[EventCountry "URU"]
[Source "lmi"]
[SourceDate "2011.11.01"]

1. e4 c6 2. d4 d5 3. Nc3 dxe4 4. Nxe4 Bf5 5. Ng3 Bg6 6. h4 h6 7. Nf3 Nd7 8. h5
Bh7 9. Bd3 Bxd3 10. Qxd3 e6 11. Bf4 Ngf6 12. O-O-O Be7 13. Ne4 Nxe4 14. Qxe4
Nf6 15. Qe2 Qd5 16. c4 Qe4 17. Qxe4 Nxe4 18. Be3 O-O 19. Ne5 Rfd8 20. g4 c5 21.
f3 cxd4 22. Bxd4 Ng3 23. Rh2 Bg5+ 24. Kc2 Bf4 25. Bc3 Rxd1 26. Kxd1 Nf5 27. Re2
Ne3+ 28. Ke1 Rd8 29. Rd2 Rxd2 30. Bxd2 Ng2+ 31. Kf1 Bxe5 32. Kxg2 Bxb2 33. Be3
a6 34. f4 f5 35. Kf3 g6 36. Bc5 Kg7 37. Bd6 fxg4+ 38. Kxg4 gxh5+ 39. Kxh5 Kf6
40. Kxh6 Kf5 41. a4 Bc1 42. Kg7 Bxf4 43. Bc5 e5 44. Kf7 Bg5 45. Bb6 e4 46. Bc7
e3 47. Bg3 e2 48. Be1 Bf6 49. Ke8 Ke6 50. Bg3 Be5 51. Be1 Kd6 52. Kd8 Kc6 53.
Kc8 Bc7 54. c5 Be5 0-1

[Event "Copa Latinoamericana de Ajedrez 2011"]
[Site "Montevideo URU"]
[Date "2011.11.05"]
[Round "8.53"]
[White "Ulaneo, Ruben"]
[Black "Meruvia Meruvia, Juan"]
[Result "0-1"]
[WhiteElo "2155"]
[BlackElo "1905"]
[PlyCount "84"]
[EventDate "2011.11.01"]
[EventType "swiss"]
[EventRounds "9"]
[EventCountry "URU"]
[Source "lmi"]
[SourceDate "2011.11.01"]

1. c4 e5 2. Nc3 Nf6 3. g3 Bb4 4. Bg2 O-O 5. Qc2 Nc6 6. e3 d6 7. Nge2 Be6 8. Nd5
a5 9. O-O Bg4 10. Nec3 Ne8 11. h3 Be6 12. Ne2 Qd7 13. d4 exd4 14. exd4 Bf5 15.
Be4 Bxe4 16. Qxe4 Qe6 17. Qf3 a4 18. Be3 Ba5 19. Nef4 Qd7 20. b4 axb3 21. axb3
Ra6 22. Ra4 Nd8 23. Nh5 c6 24. Nb4 Bxb4 25. Rxb4 Qxh3 26. Nf4 Qc8 27. Kg2 Nf6
28. Nh5 Ng4 29. Rh1 f5 30. Ra4 Rxa4 31. bxa4 Qe6 32. d5 Nxe3+ 33. fxe3 Qd7 34.
Nf4 Rf6 35. dxc6 bxc6 36. Ra1 Qb7 37. Ra2 Nf7 38. Qe2 Ne5 39. c5 Qb4 40. Qc2
Ng4 41. Kf3 Qe1 42. Qd2 Qf1+ 0-1

[Event "Copa Latinoamericana de Ajedrez 2011"]
[Site "Montevideo URU"]
[Date "2011.11.05"]
[Round "8.54"]
[White "Crespo, Antonio Rogerio"]
[Black "Duarde Boabaid, Jorge Alberto"]
[Result "1/2-1/2"]
[WhiteElo "2153"]
[BlackElo "1879"]
[PlyCount "114"]
[EventDate "2011.11.01"]
[EventType "swiss"]
[EventRounds "9"]
[EventCountry "URU"]
[Source "lmi"]
[SourceDate "2011.11.01"]

1. d4 d5 2. Nc3 Nf6 3. Bg5 e6 4. e4 Be7 5. e5 Ng8 6. Be3 a6 7. f4 Bd7 8. Nf3
Nh6 9. Bd3 b6 10. O-O c5 11. Kh1 c4 12. Be2 Nf5 13. Qd2 Nc6 14. g4 Nxe3 15.
Qxe3 Nb4 16. Ne1 g6 17. Bf3 O-O 18. a3 Nc6 19. g5 Kg7 20. Ne2 Rh8 21. Bg4 h6
22. Nf3 hxg5 23. fxg5 Rh7 24. Kg2 Qc7 25. Qf4 Rah8 26. h4 Be8 27. Rh1 Qd8 28.
c3 b5 29. Ng3 Rxh4 30. Rxh4 Rxh4 31. Nxh4 Bxg5 32. Qf3 Bxh4 33. Rf1 Qg5 34. Qf4
Qxf4 35. Rxf4 Bg5 36. Rf2 a5 37. Bd1 Bd7 38. Bc2 b4 39. Ne2 b3 40. Bd1 Ne7 41.
Nf4 Nf5 42. Kf3 Bh6 43. Rh2 Bg5 44. Be2 Bd8 45. Bf1 Ne7 46. Bh3 Nc6 47. Rf2 Kh6
48. Ke3 Na7 49. Rh2 Kg7 50. Nxd5 Bg5+ 51. Ke2 Bc6 52. Nb6 Bd8 53. Nxc4 Bb5 54.
Kd3 a4 55. Bf1 Bg5 56. Ke4 Bc6+ 57. Kd3 Bb5 1/2-1/2

[Event "Copa Latinoamericana de Ajedrez 2011"]
[Site "Montevideo URU"]
[Date "2011.11.05"]
[Round "8.55"]
[White "Ibañez, Rodrigo"]
[Black "Restuccia, Francisco"]
[Result "1-0"]
[WhiteElo "1978"]
[BlackElo "2136"]
[PlyCount "107"]
[EventDate "2011.11.01"]
[EventType "swiss"]
[EventRounds "9"]
[EventCountry "URU"]
[Source "lmi"]
[SourceDate "2011.11.01"]

1. e4 c5 2. Nf3 d6 3. d4 cxd4 4. Nxd4 Nf6 5. Nc3 a6 6. Be2 e5 7. Nb3 Be7 8. O-O
O-O 9. a4 Be6 10. Be3 Nc6 11. Qd2 Nb4 12. Rfd1 d5 13. exd5 Nbxd5 14. Nc5 Nxe3
15. Qxe3 Qc7 16. Nxe6 fxe6 17. Qh3 Qc6 18. Kh1 Bc5 19. f3 Nd5 20. Bd3 g6 21.
Be4 Nf4 22. Qh4 Qc7 23. a5 Rae8 24. Na4 Bd4 25. c3 Ba7 26. Nb6 Rf7 27. Rd2 Bxb6
28. axb6 Qxb6 29. Rad1 Kg7 30. Rd7 Ref8 31. Qg5 Qb5 32. R7d2 Nh5 33. Bd3 Qc5
34. Re2 Nf4 35. Rxe5 Qf2 36. Bc4 Qc2 37. Rde1 Rf6 38. Qg3 b5 39. Bxe6 Nd3 40.
R5e2 Rxe6 41. Rxe6 Nxe1 42. Qxe1 Qf5 43. Rxa6 Re8 44. Ra7+ Kf8 45. Qd1 Qd3 46.
Qc1 Re3 47. h3 h5 48. Qa1 h4 49. Qa3+ Ke8 50. Ra8+ Kd7 51. Qa7+ Ke6 52. Re8+
Kf5 53. Qf7+ Kg5 54. f4+ 1-0

[Event "Copa Latinoamericana de Ajedrez 2011"]
[Site "Montevideo URU"]
[Date "2011.11.05"]
[Round "8.56"]
[White "Cukerman, Diego"]
[Black "Salguero, Rafael"]
[Result "1-0"]
[WhiteElo "2133"]
[BlackElo "1855"]
[PlyCount "79"]
[EventDate "2011.11.01"]
[EventType "swiss"]
[EventRounds "9"]
[EventCountry "URU"]
[Source "lmi"]
[SourceDate "2011.11.01"]

1. e4 e6 2. d3 d5 3. Nd2 Nf6 4. g3 Bc5 5. Bg2 dxe4 6. dxe4 Nc6 7. Ngf3 e5 8.
O-O O-O 9. c3 a5 10. Qc2 Qe7 11. a4 Rd8 12. Nc4 b6 13. Nh4 Ba6 14. b3 b5 15.
axb5 Bxb5 16. Bh3 g6 17. Bg5 Bxc4 18. bxc4 Rd6 19. Rad1 Rad8 20. Rd5 Ba7 21.
Kg2 h6 22. Bxh6 Nxd5 23. exd5 Nb8 24. f4 e4 25. Bg5 f6 26. Nxg6 Qe8 27. Ne5
fxg5 28. Qxe4 Nd7 29. Qf5 Nxe5 30. fxe5 Rg6 31. e6 Rg7 32. Qe5 a4 33. Rf7 Rxf7
34. exf7+ Kxf7 35. Be6+ Kg6 36. Qf5+ Kh6 37. Qf6+ Qg6 38. Qxd8 g4 39. Qh8+ Kg5
40. Qh4# 1-0

[Event "Copa Latinoamericana de Ajedrez 2011"]
[Site "Montevideo URU"]
[Date "2011.11.05"]
[Round "8.57"]
[White "Kasuo Okamura, Milton"]
[Black "Passos Coutinho, Eduardo"]
[Result "1-0"]
[WhiteElo "2107"]
[BlackElo "1810"]
[PlyCount "37"]
[EventDate "2011.11.01"]
[EventType "swiss"]
[EventRounds "9"]
[EventCountry "URU"]
[Source "lmi"]
[SourceDate "2011.11.01"]

1. d4 Nf6 2. c4 e6 3. Nc3 Bb4 4. Qc2 O-O 5. a3 Bxc3+ 6. Qxc3 d5 7. Bg5 Nbd7 8.
e3 b6 9. cxd5 h6 10. dxe6 hxg5 11. exd7 Bxd7 12. Nf3 g4 13. Ne5 Bf5 14. Ba6 Qd5
15. O-O Be4 16. f3 gxf3 17. gxf3 Bh7 18. Rac1 Qa2 19. Bc4 1-0

[Event "Copa Latinoamericana de Ajedrez 2011"]
[Site "Montevideo URU"]
[Date "2011.11.05"]
[Round "8.58"]
[White "Haddad Filho, Paulo Ibrahim"]
[Black "Cao, Jorge"]
[Result "1/2-1/2"]
[WhiteElo "1972"]
[BlackElo "2105"]
[PlyCount "97"]
[EventDate "2011.11.01"]
[EventType "swiss"]
[EventRounds "9"]
[EventCountry "URU"]
[Source "lmi"]
[SourceDate "2011.11.01"]

1. d4 Nf6 2. Nf3 g6 3. c4 c5 4. d5 d6 5. Nc3 Bg7 6. e4 O-O 7. Be2 e6 8. O-O
exd5 9. exd5 Na6 10. h3 Nc7 11. Bg5 h6 12. Bh4 Rb8 13. a4 b6 14. Bg3 a6 15. Qc2
Bf5 16. Bd3 Bxd3 17. Qxd3 Qd7 18. Rab1 b5 19. axb5 axb5 20. b3 b4 21. Ne4 Nxe4
22. Qxe4 Rfd8 23. Rfe1 Ra8 24. Qe7 Ne8 25. Qe2 Bc3 26. Red1 Ng7 27. Bf4 Kh7 28.
Bd2 Re8 29. Qd3 Bf6 30. Bf4 Nf5 31. g4 Nd4 32. Nxd4 Bxd4 33. Re1 Ra2 34. Be3
Be5 35. Re2 Ra6 36. Kg2 Qd8 37. Rf1 Bc3 38. Rb1 Qe7 39. Rc2 Qf6 40. f4 Ra7 41.
Rf1 Rae7 42. Rf3 Re4 43. f5 g5 44. Bf2 Kg8 45. Bg3 Rd4 46. Qf1 Ra8 47. Qe2 Ra1
48. Rf1 Ra7 49. Rf3 1/2-1/2

[Event "Copa Latinoamericana de Ajedrez 2011"]
[Site "Montevideo URU"]
[Date "2011.11.05"]
[Round "8.60"]
[White "Davila, Mario"]
[Black "Cervetto, Esteban"]
[Result "0-1"]
[WhiteElo "1896"]
[BlackElo "2076"]
[PlyCount "76"]
[EventDate "2011.11.01"]
[EventType "swiss"]
[EventRounds "9"]
[EventCountry "URU"]
[Source "lmi"]
[SourceDate "2011.11.01"]

1. e4 e5 2. Nf3 Nc6 3. Bb5 a6 4. Bxc6 dxc6 5. O-O f6 6. d4 exd4 7. Nxd4 c5 8.
Ne2 Qxd1 9. Rxd1 Bd7 10. Be3 O-O-O 11. Nbc3 Re8 12. Rd2 Bc6 13. Rad1 b5 14. Ng3
h5 15. f3 h4 16. Nf1 Nh6 17. Nd5 Nf7 18. Nf4 Ne5 19. b3 h3 20. Nd3 hxg2 21.
Kxg2 Nd7 22. Nf4 g5 23. Ng6 Rg8 24. Nxf8 Rexf8 25. Ng3 g4 26. f4 f5 27. Kg1
fxe4 28. Nxe4 Bxe4 29. Rxd7 Bxc2 30. R1d2 c4 31. bxc4 bxc4 32. R7d5 Bd3 33. Ra5
Rg6 34. Kf2 Re6 35. Ra3 Rh8 36. f5 Rxh2+ 37. Kg1 Rxd2 38. Bxd2 Bxf5 0-1

[Event "Copa Latinoamericana de Ajedrez 2011"]
[Site "Montevideo URU"]
[Date "2011.11.05"]
[Round "8.61"]
[White "Rodriguez Lazo, Luis"]
[Black "Bernal, Gustavo"]
[Result "0-1"]
[WhiteElo "1879"]
[BlackElo "2068"]
[PlyCount "42"]
[EventDate "2011.11.01"]
[EventType "swiss"]
[EventRounds "9"]
[EventCountry "URU"]
[Source "lmi"]
[SourceDate "2011.11.01"]

1. d4 d5 2. c4 c6 3. Nc3 dxc4 4. a4 e5 5. dxe5 Qxd1+ 6. Kxd1 Be6 7. f4 Na6 8.
Nf3 Nb4 9. Bd2 O-O-O 10. Ng5 Nh6 11. Nxe6 fxe6 12. h3 Nf5 13. g4 Ne3+ 14. Kc1
Nec2 15. Rb1 Nd4 16. Ne4 Nb3+ 17. Kd1 Nxd2 18. Nxd2 Bc5 19. Ke1 Nc2+ 20. Kd1
Ne3+ 21. Kc1 Bb4 0-1

[Event "Copa Latinoamericana de Ajedrez 2011"]
[Site "Montevideo URU"]
[Date "2011.11.05"]
[Round "8.62"]
[White "Iduate, Guillermo"]
[Black "Meyer Monsalver, Ewald"]
[Result "0-1"]
[WhiteElo "1870"]
[BlackElo "2060"]
[PlyCount "34"]
[EventDate "2011.11.01"]
[EventType "swiss"]
[EventRounds "9"]
[EventCountry "URU"]
[Source "lmi"]
[SourceDate "2011.11.01"]

1. e4 e6 2. d4 d5 3. exd5 exd5 4. Bd3 Nf6 5. Bg5 Be7 6. Nf3 c5 7. c3 O-O 8.
dxc5 Bxc5 9. O-O Bg4 10. Nbd2 Qd6 11. Qc2 Nbd7 12. Rfe1 Bb6 13. Bf5 Rfe8 14.
Bh4 Qf4 15. Bxg4 Qxg4 16. h3 Qf4 17. Bg3 Qxg3 0-1

[Event "Copa Latinoamericana de Ajedrez 2011"]
[Site "Montevideo URU"]
[Date "2011.11.05"]
[Round "8.63"]
[White "Tregarthen, Emiliano"]
[Black "Cicero, Carlos"]
[Result "1-0"]
[WhiteElo "2051"]
[BlackElo "1937"]
[PlyCount "73"]
[EventDate "2011.11.01"]
[EventType "swiss"]
[EventRounds "9"]
[EventCountry "URU"]
[Source "lmi"]
[SourceDate "2011.11.01"]

1. d4 Nf6 2. Nf3 e6 3. Bf4 b6 4. e3 Bb7 5. Bd3 Be7 6. Nbd2 d5 7. h3 O-O 8. Qe2
c5 9. c3 Nc6 10. Ne5 Rc8 11. g4 c4 12. Bc2 b5 13. h4 Nxe5 14. Bxe5 Ne4 15. g5
f6 16. gxf6 Bxf6 17. Nxe4 dxe4 18. Bg3 Qd5 19. O-O-O a5 20. Qg4 Qf5 21. f3 Qxg4
22. fxg4 Be7 23. Rdf1 Rf3 24. Rxf3 exf3 25. Rf1 Rf8 26. e4 b4 27. Kd2 a4 28.
Ke3 b3 29. axb3 cxb3 30. Bd3 g5 31. h5 h6 32. Bc4 Bc8 33. Rxf3 Rxf3+ 34. Kxf3
Kf7 35. Ke3 Bd8 36. Bd6 Bb7 37. Bb5 1-0

[Event "Copa Latinoamericana de Ajedrez 2011"]
[Site "Montevideo URU"]
[Date "2011.11.05"]
[Round "8.64"]
[White "Bertucci, Santiago"]
[Black "Izquierdo, Sebastian"]
[Result "0-1"]
[WhiteElo "1817"]
[BlackElo "2046"]
[PlyCount "31"]
[EventDate "2011.11.01"]
[EventType "swiss"]
[EventRounds "9"]
[EventCountry "URU"]
[Source "lmi"]
[SourceDate "2011.11.01"]

1. e4 d5 2. exd5 Nf6 3. d4 Nxd5 4. c4 Nb6 5. Nc3 Nc6 6. d5 Ne5 7. Qb3 e6 8. Bf4
Ng6 9. Bg3 Bd6 10. Rd1 Bxg3 11. hxg3 O-O 12. Be2 exd5 13. cxd5 Re8 14. Nf3 Qf6
15. O-O Bd7 16. Nb5 0-1

[Event "Copa Latinoamericana de Ajedrez 2011"]
[Site "Montevideo URU"]
[Date "2011.11.05"]
[Round "8.65"]
[White "Bentancor, Franco"]
[Black "Iurk, Jonel Nazareno"]
[Result "1-0"]
[WhiteElo "2240"]
[BlackElo "2023"]
[PlyCount "44"]
[EventDate "2011.11.01"]
[EventType "swiss"]
[EventRounds "9"]
[EventCountry "URU"]
[Source "lmi"]
[SourceDate "2011.11.01"]

1. Nf3 d5 2. c4 c6 3. e3 e6 4. Qc2 f5 5. Nc3 Nf6 6. h3 Bd6 7. b3 a6 8. g4 g6 9.
Bb2 Rf8 10. Be2 Nbd7 11. gxf5 gxf5 12. cxd5 cxd5 13. Rc1 Rg8 14. Nd4 Nc5 15. d3
e5 16. Nf3 Ne6 17. Na4 Nd7 18. d4 e4 19. Ne5 Ke7 20. a3 Nb6 21. Nc5 Bxc5 22.
dxc5 Nd7 1-0

[Event "Copa Latinoamericana de Ajedrez 2011"]
[Site "Montevideo URU"]
[Date "2011.11.05"]
[Round "8.66"]
[White "Dabraccio, Guillermo"]
[Black "Hernandez Riera, Jose"]
[Result "1/2-1/2"]
[WhiteElo "1729"]
[BlackElo "2225"]
[PlyCount "32"]
[EventDate "2011.11.01"]
[EventType "swiss"]
[EventRounds "9"]
[EventCountry "URU"]
[Source "lmi"]
[SourceDate "2011.11.01"]

1. d4 d5 2. Nf3 c5 3. Bf4 Nc6 4. e3 cxd4 5. exd4 Qb6 6. Bc1 Bg4 7. c3 Nf6 8.
Be2 e6 9. Qb3 Qc7 10. Be3 Bd6 11. Nbd2 O-O 12. Qc2 b5 13. Rc1 Rfc8 14. a4 b4
15. c4 b3 16. Qc3 Rab8 1/2-1/2

[Event "Copa Latinoamericana de Ajedrez 2011"]
[Site "Montevideo URU"]
[Date "2011.11.05"]
[Round "8.67"]
[White "Ortiz, Soledad"]
[Black "Froes Yano, William Jorge"]
[Result "0-1"]
[WhiteElo "1723"]
[BlackElo "2162"]
[PlyCount "70"]
[EventDate "2011.11.01"]
[EventType "swiss"]
[EventRounds "9"]
[EventCountry "URU"]
[Source "lmi"]
[SourceDate "2011.11.01"]

1. e4 e6 2. d4 d5 3. Nd2 h6 4. Ngf3 Nf6 5. e5 Nfd7 6. Bd3 c5 7. c3 Nc6 8. O-O
g5 9. h3 h5 10. Re1 g4 11. Nh2 gxh3 12. g3 Qb6 13. dxc5 Bxc5 14. Rf1 Ndxe5 15.
Bc2 Qc7 16. Kh1 Bd7 17. Ndf3 O-O-O 18. Bf4 f6 19. Nd4 Qb6 20. Be3 Nc4 21. b4
Bxd4 22. Bxd4 Nxd4 23. Qxd4 Qxd4 24. cxd4 Kc7 25. a4 Kd6 26. Nf3 Rc8 27. Bb3
Nb2 28. Ra2 Nd3 29. b5 Nc1 30. Rb2 Nxb3 31. Rxb3 Rc4 32. Ra3 Rhc8 33. Kh2 Rc3
34. Rxc3 Rxc3 35. Nh4 Ra3 0-1

[Event "Copa Latinoamericana de Ajedrez 2011"]
[Site "Montevideo URU"]
[Date "2011.11.05"]
[Round "8.68"]
[White "Magaldi, Nelson"]
[Black "Pesuto, Nicolas"]
[Result "1/2-1/2"]
[WhiteElo "2123"]
[BlackElo "1755"]
[PlyCount "90"]
[EventDate "2011.11.01"]
[EventType "swiss"]
[EventRounds "9"]
[EventCountry "URU"]
[Source "lmi"]
[SourceDate "2011.11.01"]

1. e4 e5 2. Nf3 Nf6 3. Nxe5 d6 4. Nf3 Nxe4 5. d3 Nf6 6. d4 d5 7. Bd3 Bd6 8. O-O
O-O 9. Bg5 Bg4 10. Nbd2 c6 11. c3 Nbd7 12. Qc2 h6 13. Bh4 Re8 14. Bg3 Nf8 15.
Rae1 Qc7 16. Ne5 Bd7 17. Ndf3 Re7 18. Nxd7 Qxd7 19. Rxe7 Qxe7 20. Re1 Qc7 21.
Nh4 Bxg3 22. hxg3 Re8 23. Rxe8 Nxe8 24. Qe2 Ne6 25. Bf5 Qd6 26. Bc2 Nf6 27. Nf3
Kf8 28. b4 Nc7 29. Bd3 Qe6 30. Qxe6 Nxe6 31. Ne5 Ke7 32. f3 Nd7 33. Nxd7 Kxd7
34. Kf2 Kd6 35. Ke3 b6 36. Bc2 Nc7 37. Bd3 c5 38. bxc5+ bxc5 39. dxc5+ Kxc5 40.
Be2 Ne8 41. Kd3 Nd6 42. g4 Nc4 43. f4 f6 44. Bf3 g5 45. g3 Nd6 1/2-1/2

[Event "Copa Latinoamericana de Ajedrez 2011"]
[Site "Montevideo URU"]
[Date "2011.11.05"]
[Round "8.69"]
[White "Tacoronte, Daniel"]
[Black "Lanzilotta, Marcelo"]
[Result "0-1"]
[WhiteElo "2187"]
[BlackElo "2011"]
[PlyCount "60"]
[EventDate "2011.11.01"]
[EventType "swiss"]
[EventRounds "9"]
[EventCountry "URU"]
[Source "lmi"]
[SourceDate "2011.11.01"]

1. d4 c5 2. Nf3 cxd4 3. Nxd4 e5 4. Nb3 d5 5. Nc3 Be6 6. e3 Nc6 7. Be2 Nf6 8.
O-O Be7 9. f4 O-O 10. fxe5 Nxe5 11. Nd4 a6 12. Nf5 Bc5 13. Kh1 Qd7 14. Nd4 Rae8
15. b3 Bg4 16. Rf4 Bxe2 17. Ncxe2 Neg4 18. Qd3 Ne4 19. Kg1 Bd6 20. h3 Bxf4 21.
Nxf4 Ne5 22. Qe2 Ng6 23. Ba3 Nxf4 24. exf4 Nd6 25. Qg4 f5 26. Qf3 Re4 27. Rd1
Rfe8 28. c4 dxc4 29. Nxf5 Qxf5 30. Bxd6 Re1+ 0-1

[Event "Copa Latinoamericana de Ajedrez 2011"]
[Site "Montevideo URU"]
[Date "2011.11.05"]
[Round "8.70"]
[White "Ruggiero, Alvaro"]
[Black "Lopez Durand, Cesar"]
[Result "1-0"]
[WhiteElo "1967"]
[BlackElo "1758"]
[PlyCount "86"]
[EventDate "2011.11.01"]
[EventType "swiss"]
[EventRounds "9"]
[EventCountry "URU"]
[Source "lmi"]
[SourceDate "2011.11.01"]

1. e4 e6 2. d4 d5 3. exd5 exd5 4. Bd3 Nf6 5. Nf3 Bg4 6. O-O Be7 7. c3 O-O 8.
Re1 Bd6 9. Bg5 Nbd7 10. Nbd2 c6 11. Rc1 Qc7 12. h3 Bh5 13. c4 Rfe8 14. Qc2 Bf4
15. Bxf6 Nxf6 16. cxd5 Bxf3 17. gxf3 Rxe1+ 18. Rxe1 Bxd2 19. Qxd2 Nxd5 20. Qe2
Nf6 21. Qe7 Qxe7 22. Rxe7 Rb8 23. Bc4 Nd5 24. Bxd5 cxd5 25. Rd7 Kf8 26. Rxd5
Ke7 27. Kf1 f6 28. Ke2 b6 29. Rb5 Kd6 30. Rb3 f5 31. Re3 Rb7 32. Kd3 Re7 33.
Rxe7 Kxe7 34. Kc4 a6 35. Kd5 h5 36. Kc6 g5 37. Kd5 g4 38. fxg4 fxg4 39. h4 Kf6
40. Ke4 Ke6 41. Kf4 Kf6 42. d5 b5 43. d6 Ke6 1-0

[Event "Copa Latinoamericana de Ajedrez 2011"]
[Site "Montevideo URU"]
[Date "2011.11.05"]
[Round "8.71"]
[White "Alsina, Ruben"]
[Black "Solari, Pablo"]
[Result "1/2-1/2"]
[WhiteElo "1945"]
[BlackElo "1663"]
[PlyCount "97"]
[EventDate "2011.11.01"]
[EventType "swiss"]
[EventRounds "9"]
[EventCountry "URU"]
[Source "lmi"]
[SourceDate "2011.11.01"]

1. Nf3 b5 2. d4 Bb7 3. Bf4 e6 4. e3 b4 5. Bd3 Nf6 6. O-O Be7 7. Nbd2 O-O 8. Ne5
d6 9. Nec4 a5 10. h3 Nbd7 11. c3 bxc3 12. bxc3 Ba6 13. Qc2 d5 14. Ne5 Bxd3 15.
Qxd3 Nxe5 16. Bxe5 c5 17. Rab1 c4 18. Qc2 Nd7 19. Bh2 Nf6 20. e4 Nxe4 21. Nxe4
dxe4 22. Qxe4 Bd6 23. Qc6 Bxh2+ 24. Kxh2 Qd5 25. Qxd5 exd5 26. Rb5 Rfd8 27.
Rfb1 Kf8 28. Kg3 Ke7 29. Kf4 Ra6 30. Re1+ Re6 31. Rxe6+ Kxe6 32. a4 g5+ 33. Ke3
Ra8 34. Rb6+ Ke7 35. f4 f6 36. fxg5 fxg5 37. Rh6 Rb8 38. Rxh7+ Kf6 39. Rh6+ Ke7
40. Ra6 Rb3 41. Kd2 Rb2+ 42. Kc1 Rxg2 43. Rxa5 Ke6 44. Ra6+ Kf5 45. Rb6 Ra2 46.
Rb2 Rxa4 47. Re2 Ra5 48. Kb2 Kf4 49. Re5 1/2-1/2

[Event "Copa Latinoamericana de Ajedrez 2011"]
[Site "Montevideo URU"]
[Date "2011.11.05"]
[Round "8.72"]
[White "Orguim Da Silva, Joao Carlos"]
[Black "Lopez, Aldi"]
[Result "0-1"]
[WhiteElo "1932"]
[BlackElo "2076"]
[PlyCount "92"]
[EventDate "2011.11.01"]
[EventType "swiss"]
[EventRounds "9"]
[EventCountry "URU"]
[Source "lmi"]
[SourceDate "2011.11.01"]

1. e4 e5 2. Nf3 Nc6 3. Bc4 Nf6 4. Nc3 Nxe4 5. Nxe4 d5 6. Bxd5 Qxd5 7. Nc3 Qd8
8. h3 Bc5 9. O-O O-O 10. d3 a6 11. Be3 Bxe3 12. fxe3 Qe7 13. a3 Rd8 14. Qe1 Be6
15. Qg3 f6 16. Nh4 Kh8 17. Rf2 b5 18. Ne4 a5 19. Raf1 b4 20. Nf5 Qf7 21. h4 Ne7
22. Nxe7 Qxe7 23. axb4 axb4 24. b3 Ra2 25. h5 f5 26. Qxe5 Rd5 27. Qg3 fxe4 28.
dxe4 Rxh5 29. Qg4 g6 30. Qf4 Ra8 31. g4 Rg5 32. Rg2 Kg7 33. Qh2 Bxg4 34. Qh4 h5
35. Rf4 Ra1+ 36. Kh2 Qe5 37. Rgf2 Rd1 38. Qg3 Be6 39. Qh4 Rdg1 40. Re2 R1g3 41.
Ref2 Rxe3 42. Rf1 Rxe4 43. Qxg5 Qxg5 44. Rxe4 Bd5 45. Re2 Qh4+ 46. Kg1 Qg3+ 0-1

[Event "Copa Latinoamericana de Ajedrez 2011"]
[Site "Montevideo URU"]
[Date "2011.11.05"]
[Round "8.73"]
[White "Ledesma, Sebastian"]
[Black "Urrestarazu, Diego"]
[Result "1/2-1/2"]
[WhiteElo "1908"]
[BlackElo "1955"]
[PlyCount "45"]
[EventDate "2011.11.01"]
[EventType "swiss"]
[EventRounds "9"]
[EventCountry "URU"]
[Source "lmi"]
[SourceDate "2011.11.01"]

1. e4 c5 2. Nf3 d6 3. d4 cxd4 4. Nxd4 Nf6 5. Nc3 g6 6. Be3 Bg7 7. Bc4 O-O 8. f3
Bd7 9. Qd2 Nc6 10. O-O-O Rc8 11. Bb3 Ne5 12. h4 Nc4 13. Bxc4 Rxc4 14. h5 a6 15.
hxg6 fxg6 16. Nde2 Qa5 17. Bh6 b5 18. Bxg7 Kxg7 19. Qh6+ Kf7 20. Kb1 Rfc8 21.
Rc1 Rxc3 22. Nxc3 Rxc3 23. Qd2 1/2-1/2

[Event "Copa Latinoamericana de Ajedrez 2011"]
[Site "Montevideo URU"]
[Date "2011.11.05"]
[Round "8.74"]
[White "Hiriart, Guillermo"]
[Black "Ferrari, Carlos"]
[Result "1-0"]
[WhiteElo "2019"]
[BlackElo "1888"]
[PlyCount "55"]
[EventDate "2011.11.01"]
[EventType "swiss"]
[EventRounds "9"]
[EventCountry "URU"]
[Source "lmi"]
[SourceDate "2011.11.01"]

1. e4 c5 2. Bc4 e6 3. Qe2 Nc6 4. c3 g6 5. f4 Qe7 6. Nf3 Nh6 7. O-O Bg7 8. d3 a6
9. Bb3 d6 10. Nbd2 b5 11. Re1 Rb8 12. Nf1 Bb7 13. Ne3 Ng8 14. Bd2 h5 15. Rad1
Na5 16. Bc2 Nc6 17. Bc1 Nh6 18. h3 Bc8 19. d4 cxd4 20. cxd4 f5 21. d5 Nd8 22.
exf5 gxf5 23. Nxf5 Nxf5 24. Bxf5 Rb7 25. dxe6 Bf6 26. Bg6+ Kf8 27. f5 Nc6 28.
Bf4 1-0

[Event "Copa Latinoamericana de Ajedrez 2011"]
[Site "Montevideo URU"]
[Date "2011.11.05"]
[Round "8.75"]
[White "Blanchard, Marcel"]
[Black "Hernandez, Rafael"]
[Result "0-1"]
[WhiteElo "1840"]
[BlackElo "1827"]
[PlyCount "84"]
[EventDate "2011.11.01"]
[EventType "swiss"]
[EventRounds "9"]
[EventCountry "URU"]
[Source "lmi"]
[SourceDate "2011.11.01"]

1. d4 Nf6 2. c4 g6 3. Nc3 Bg7 4. e4 d6 5. Nf3 O-O 6. Be2 e5 7. O-O Nc6 8. d5
Ne7 9. b4 Nh5 10. Re1 f5 11. Ng5 Nf4 12. c5 h6 13. Nf3 g5 14. Bc4 Neg6 15. Kh1
g4 16. Ng1 Nh5 17. a4 f4 18. g3 f3 19. c6 Nf6 20. cxb7 Bxb7 21. Bf1 Nh7 22. Be3
h5 23. Rc1 Rf7 24. h3 h4 25. Rc2 Bc8 26. Nb5 gxh3 27. Nxf3 Bg4 28. Be2 Bxf3+
29. Bxf3 Ng5 30. Bh5 Qf6 31. Nxc7 Rb8 32. gxh4 Nxe4 33. Bxg6 Qxg6 34. Rg1 Qf6
35. Ne6 Qxh4 36. Rxg7+ Rxg7 37. Nxg7 Kxg7 38. Rc4 Nxf2+ 39. Bxf2 Qxc4 40. Qg1+
Kf8 41. Qd1 Qe4+ 42. Kh2 Qg2# 0-1

[Event "Copa Latinoamericana de Ajedrez 2011"]
[Site "Montevideo URU"]
[Date "2011.11.05"]
[Round "8.76"]
[White "Luzuriaga, Norberto"]
[Black "Zecharies, Alexis"]
[Result "1/2-1/2"]
[WhiteElo "1836"]
[BlackElo "1697"]
[PlyCount "62"]
[EventDate "2011.11.01"]
[EventType "swiss"]
[EventRounds "9"]
[EventCountry "URU"]
[Source "lmi"]
[SourceDate "2011.11.01"]

1. d4 Nf6 2. Nf3 g6 3. c4 Bg7 4. Nc3 O-O 5. e4 d6 6. Be2 e5 7. d5 Nbd7 8. O-O
Nc5 9. Qc2 a5 10. Be3 Nh5 11. Ne1 Nf4 12. Bxc5 dxc5 13. Bf3 Qg5 14. Ne2 f5 15.
Nxf4 exf4 16. Rd1 Bd4 17. e5 Bxe5 18. Be2 Bd6 19. Qd2 h5 20. Nf3 Qh6 21. h4 Be7
22. Ng5 Rd8 23. Qxf4 Bd6 24. Qf3 Re8 25. Rfe1 Bd7 26. Bd3 f4 27. Ne6 Re7 28.
Qe4 Kh7 29. Ng5+ Kg7 30. Ne6+ Kh7 31. Ng5+ Kg7 1/2-1/2